Entry Nome pessoal
001 - NÚMERO DE CONTROLE
- campo de controle: 968
003 - IDENTIFICADOR DO NÚMERO DE CONTROLE
- campo de controle: DLC
005 - DATA E HORÁRIO DA ÚLTIMA TRANSAÇÃO
- campo de controle: 20250630134356.0
008 - CAMPO DE DADOS FIXOS
- campo de controle de tamanho fixo: 800507n| azannaabn |a aaa
010 ## - NÚMERO DE CONTROLE DA LIBRARY OF CONGRESS
- Número de controle da LC: n 50021545
035 ## - NÚMERO DE CONTROLE DO SISTEMA
- Número de Controle do Sistema: (OCoLC)oca00056966
040 ## - FONTE DA CATALOGAÇÃO
- Instituição da catalogação original: DLC
- Idioma da catalogação: eng
- Fontes convencionais de descrições de dados: rda
- Instituição que transcreveu o registro: DLC
- Instituição que modificou o registro: DLC
- Instituição que modificou o registro: OCoLC
- Instituição que modificou o registro: DLC
- Instituição que modificou o registro: ICU
- Instituição que modificou o registro: UPB
- Instituição que modificou o registro: WaU
- Instituição que modificou o registro: DLC
046 ## - CÓDIGO ESPECIAL DE DATAS
- Data de nascimento: 1902-10-31
- Data de óbito: 1987-08-17
- Fonte do esquema de data: edtf
053 #0 - NÚMERODE DE CLASSIFICAÇÃO DA BIBLIOTECA DO CONGRESSO AMERICANO (LIBRARY OF CONGRESS - LC)
- Número da classificação, número único do elemento ou número inicial do período: PQ9697.A7185
100 1# - CABEÇALHO--NOME PESSOAL
- Nome pessoal: Andrade, Carlos Drummond de,
- Datas associadas ao nome: 1902-1987
368 ## - OUTROS ATRIBUTOS DE PESSOA OU ÓRGÃO SOCIETÁRIO
- Outra designação: Brazilians
- Fonte: lcdgt
370 ## - LUGAR ASSOCIADO
- Local de nascimento: Itabira (Brazil)
- Local de morte: Rio de Janeiro (Brazil)
- País associado: Brazil
- Fonte do termo: naf
372 ## - CAMPO DE ATIVIDADE
- Campo de atividade: Poetry
- Fonte do termo: lcgft
374 ## - OCUPAÇÃO
- Ocupação: Poets
- Fonte do termo: lcsh
377 ## - IDIOMA ASSOCIADO
- Código do idioma: por
400 1# - REMISSIVA VER--NOME PESSOAL
- Nome pessoal: Drummond de Andrade, Carlos,
- Datas associadas ao nome: 1902-1987
400 1# - REMISSIVA VER--NOME PESSOAL
- Nome pessoal: De Andrade, Carlos Drummond,
- Datas associadas ao nome: 1902-1987
400 1# - REMISSIVA VER--NOME PESSOAL
- Nome pessoal: Drummond, Carlos,
- Datas associadas ao nome: 1902-1987
670 ## - FONTE POSITIVA DOS DADOS
- Citação da fonte positiva dos dados: His Alguma poesia, 1930.
670 ## - FONTE POSITIVA DOS DADOS
- Citação da fonte positiva dos dados: His The minus sign, 1981:
- Dados encontrados na fonte localizada no subcampo: t.p. (Carlos Drummond de Andrade) p. 1, etc. (in critical introd.: Carlos Drummond)
670 ## - FONTE POSITIVA DOS DADOS
- Citação da fonte positiva dos dados: His Moça deitada na grama, c1987:
- Dados encontrados na fonte localizada no subcampo: t.p. (Carlos Drummond de Andrade) verso t.p. (CIP entry, 1902-1987)
670 ## - FONTE POSITIVA DOS DADOS
- Citação da fonte positiva dos dados: Os 25 poemas da triste alegria, 2012:
- Dados encontrados na fonte localizada no subcampo: title page (Carlos Drummond de Andrade)
670 ## - FONTE POSITIVA DOS DADOS
- Citação da fonte positiva dos dados: Wikipedia WWW site, viewed 7 January 2014
- Dados encontrados na fonte localizada no subcampo: (born October 31, 1902 in Itabira, Minas Gerais, died August 17, 1987 in Rio de Janeiro; Brazilian poet)
- Uniform Resource Identifier: http://en.wikipedia.org/wiki/Carlos_Drummond_de_Andrade